Library of the University of Algiers 3
Ibrahim Sultan Cheibout
شعار جامعة الجزائر 3
مكتبة جامعة الجزائر 3
إبراهيم سلطان شيبوط

الإدارة المالية المتقدمة / (رقم التسجيلة. 43131)

تفاصيل مارك
000 -LEADER
fixed length control field 01393nam a2200217Ia 4500
003 - CONTROL NUMBER IDENTIFIER
control field Ost
005 - DATE AND TIME OF LATEST TRANSACTION
control field 20260507075125.0
008 - FIXED-LENGTH DATA ELEMENTS--GENERAL INFORMATION
fixed length control field 260507s9999||||xx |||||||||||||| ||und||
040 ## - CATALOGING SOURCE
Transcribing agency fsecg
041 ## - LANGUAGE CODE
Language code of text/sound track or separate title ara
082 ## - DEWEY DECIMAL CLASSIFICATION NUMBER
Classification number 330
100 ## - MAIN ENTRY--PERSONAL NAME
Personal name الزبيدي، حمزة محمود
Relator term مؤلف
245 #0 - TITLE STATEMENT
Title الإدارة المالية المتقدمة /
Statement of responsibility, etc. حمزة محمود الزبيدي
260 ## - PUBLICATION, DISTRIBUTION, ETC.
Place of publication, distribution, etc. عمان:
Name of publisher, distributor, etc. الوراق للنشر والتوزيع,
Date of publication, distribution, etc. 2004
300 ## - PHYSICAL DESCRIPTION
Extent 984 صفحة؛
Other physical details إيضاحات ؛
Dimensions 24 سم
520 ## - SUMMARY, ETC.
Summary, etc. الإدارة المالية نظرة في المضمون العام-أهداف الإدارة المالية-وظائف الإدارة المالية-الإدارة النقدية والإستثمارات القصيرة الأجل-إدارة الحسابات المدينة-إدارة المخزون السلعي-القيمة الزمنية للنقود-العائد المتوقع والمخاطرة وخط التوازن-الموازنة الإستثمارية-تقييم الأوراق المالية-كلفة الأموال-الرفع المالي وهيكل الأموال-إدارة التمويل-نظريات توزيع الأرباح-مصادر التمويل في شركات الأموال
653 ## - INDEX TERM--UNCONTROLLED
Uncontrolled term إدارة الأعمال
653 ## - INDEX TERM--UNCONTROLLED
Uncontrolled term الإدارة المالية
653 ## - INDEX TERM--UNCONTROLLED
Uncontrolled term المالية العامة
942 ## - ADDED ENTRY ELEMENTS (KOHA)
Koha item type كتب

لا توجد مواد متاحة.

موارد الويب المفتوحة


© University of Algiers 3 All Rights Reserved
|
Implemented by LECHELAH Riad